| 000 | 00989nam a2200265 a 4500 | ||
|---|---|---|---|
| 001 | 000023149 | ||
| 005 | 20200930022023.0 | ||
| 008 | 101129s2000 sp r 000 e spa d | ||
| 020 | _a8466301100 | ||
| 040 |
_aDO-SdBNP _bspa _cBNPHU |
||
| 041 | 1 | 7 |
_aspa _hita _2Código de idiomas MARC |
| 082 |
_annnn _bB663d |
||
| 100 | 1 |
_aBobbio, Norberto, _d1909-2004 _947660 |
|
| 240 | 1 | 0 |
_aDestra e sinistra. _lEspañol. |
| 245 | 1 | 0 |
_aDerecha e izquierda / _cNorberto Bobbio ; traducción de Alessandra Picone ; prólogo de Joaquín Estefanía. |
| 260 |
_aEspaña : _bSuma de Letras, _c2000. |
||
| 300 |
_a185, [5] p. ; _c18 cm. |
||
| 490 | 1 |
_aPunto de lectura _v99 |
|
| 504 | _aIncluye referencias bibliográficas y notas al pie de las páginas. | ||
| 534 |
_pTítulo original en italiano: _tDestra e sinistra. _cRoma: Donzelli, 1995. |
||
| 700 | 1 |
_aPicone, Alessandra, _etr. _947661 |
|
| 700 | 1 |
_aEstefanía, Joaquín, _epról. _947332 |
|
| 830 | 0 |
_aPunto de lectura ; _v99 _93047 |
|
| 049 | _aBNGR | ||
| 999 |
_c22646 _d22646 |
||